<?xml version="1.0" encoding="UTF-8"?>
<record
    xmlns:xsi="http://www.w3.org/2001/XMLSchema-instance"
    xsi:schemaLocation="http://www.loc.gov/MARC21/slim http://www.loc.gov/standards/marcxml/schema/MARC21slim.xsd"
    xmlns="http://www.loc.gov/MARC21/slim">

  <leader>01029nam a2200277 i 4500</leader>
  <controlfield tag="005">20250323150128.0</controlfield>
  <controlfield tag="008">230614s1981    my ||||f |||| 00| 0 may d</controlfield>
  <datafield tag="020" ind1=" " ind2=" ">
    <subfield code="q">paperback </subfield>
  </datafield>
  <datafield tag="040" ind1=" " ind2=" ">
    <subfield code="a">PPAK</subfield>
    <subfield code="b">eng </subfield>
    <subfield code="c">PPAK</subfield>
    <subfield code="e">rda</subfield>
  </datafield>
  <datafield tag="082" ind1="0" ind2="4">
    <subfield code="2">23</subfield>
    <subfield code="a">959.511205</subfield>
  </datafield>
  <datafield tag="090" ind1="0" ind2="0">
    <subfield code="a">959.511205</subfield>
    <subfield code="b">LIN </subfield>
    <subfield code="d">KWS</subfield>
  </datafield>
  <datafield tag="090" ind1="2" ind2="0">
    <subfield code="a">959.511205</subfield>
    <subfield code="b">LIN</subfield>
    <subfield code="d">KZR</subfield>
  </datafield>
  <datafield tag="245" ind1="0" ind2="0">
    <subfield code="a">LINDUNGAN BULAN : </subfield>
    <subfield code="b">MAJALAH PERSATUAN SEJARAH MALAYSIA, CAWANGAN NEGERI KEDAH. </subfield>
    <subfield code="h">Jilid 9</subfield>
  </datafield>
  <datafield tag="264" ind1=" " ind2="1">
    <subfield code="a">Alor Setar, Kedah : </subfield>
    <subfield code="b">PERSATUAN SEJARAH MALAYSIA, CAWANGAN KEDAH, </subfield>
    <subfield code="c">[1981]</subfield>
  </datafield>
  <datafield tag="300" ind1=" " ind2=" ">
    <subfield code="a">64 pages : </subfield>
    <subfield code="c">26 cm </subfield>
  </datafield>
  <datafield tag="310" ind1=" " ind2=" ">
    <subfield code="a">Annual </subfield>
  </datafield>
  <datafield tag="336" ind1=" " ind2=" ">
    <subfield code="a">text </subfield>
    <subfield code="2">rdacontent</subfield>
  </datafield>
  <datafield tag="337" ind1=" " ind2=" ">
    <subfield code="a">unmediated </subfield>
    <subfield code="2">rdamedia</subfield>
  </datafield>
  <datafield tag="338" ind1=" " ind2=" ">
    <subfield code="a">volume </subfield>
    <subfield code="2">rdacarrier</subfield>
  </datafield>
  <datafield tag="362" ind1="0" ind2=" ">
    <subfield code="a">Jilid 9, Bil.1 (November 1981)-</subfield>
  </datafield>
  <datafield tag="500" ind1=" " ind2=" ">
    <subfield code="a">Sempena Hari Konvensyen Sejarah Kedah, 28Hb Nov - 2Hb Des 1981.</subfield>
  </datafield>
  <datafield tag="651" ind1=" " ind2="0">
    <subfield code="a">Kedah </subfield>
    <subfield code="x">History</subfield>
    <subfield code="v">Periodicals</subfield>
  </datafield>
  <datafield tag="710" ind1="2" ind2=" ">
    <subfield code="a">Persatuan Sejarah Malaysia Cawangan Kedah, </subfield>
    <subfield code="e">issuing body. </subfield>
  </datafield>
  <datafield tag="850" ind1=" " ind2=" ">
    <subfield code="a">PPAK </subfield>
    <subfield code="8">Jilid 9, Bilangan 1- (November 1981)-</subfield>
  </datafield>
  <datafield tag="942" ind1=" " ind2=" ">
    <subfield code="2">ddc</subfield>
    <subfield code="c">SR</subfield>
  </datafield>
  <datafield tag="999" ind1=" " ind2=" ">
    <subfield code="c">192143</subfield>
    <subfield code="d">192143</subfield>
  </datafield>
  <datafield tag="952" ind1=" " ind2=" ">
    <subfield code="0">0</subfield>
    <subfield code="1">0</subfield>
    <subfield code="2">ddc</subfield>
    <subfield code="4">0</subfield>
    <subfield code="7">1</subfield>
    <subfield code="8">RFID</subfield>
    <subfield code="a">PPAK</subfield>
    <subfield code="b">PPAK</subfield>
    <subfield code="c">KWS</subfield>
    <subfield code="d">2023-06-26</subfield>
    <subfield code="g">0.00</subfield>
    <subfield code="h">Jilid 9</subfield>
    <subfield code="l">0</subfield>
    <subfield code="o">KWS 959.511205 LIN </subfield>
    <subfield code="p">KWS000260</subfield>
    <subfield code="r">2023-06-26 11:50:39</subfield>
    <subfield code="v">10.00</subfield>
    <subfield code="w">2023-06-26</subfield>
    <subfield code="y">SR</subfield>
  </datafield>
  <datafield tag="952" ind1=" " ind2=" ">
    <subfield code="0">0</subfield>
    <subfield code="1">0</subfield>
    <subfield code="2">ddc</subfield>
    <subfield code="4">0</subfield>
    <subfield code="7">1</subfield>
    <subfield code="8">RFID</subfield>
    <subfield code="a">PPAK</subfield>
    <subfield code="b">PPAK</subfield>
    <subfield code="c">KWS</subfield>
    <subfield code="d">2023-06-26</subfield>
    <subfield code="g">0.00</subfield>
    <subfield code="h">Jilid 9</subfield>
    <subfield code="l">5</subfield>
    <subfield code="o">KWS 959.511205 LIN </subfield>
    <subfield code="p">KWS000261</subfield>
    <subfield code="s">2023-07-27</subfield>
    <subfield code="r">2023-07-27 12:34:50</subfield>
    <subfield code="v">10.00</subfield>
    <subfield code="w">2023-06-26</subfield>
    <subfield code="y">SR</subfield>
  </datafield>
  <datafield tag="952" ind1=" " ind2=" ">
    <subfield code="0">0</subfield>
    <subfield code="1">0</subfield>
    <subfield code="2">ddc</subfield>
    <subfield code="4">0</subfield>
    <subfield code="7">1</subfield>
    <subfield code="8">RFIDTI</subfield>
    <subfield code="a">PPAK</subfield>
    <subfield code="b">PPAK</subfield>
    <subfield code="c">KZR</subfield>
    <subfield code="d">2025-03-24</subfield>
    <subfield code="g">0.00</subfield>
    <subfield code="h">Jilid 9, November 1981, Bil. 1</subfield>
    <subfield code="l">0</subfield>
    <subfield code="o">KZR 959.511205 LIN </subfield>
    <subfield code="p">A00367904</subfield>
    <subfield code="r">2025-03-24 12:04:03</subfield>
    <subfield code="v">0.00</subfield>
    <subfield code="w">2025-03-24</subfield>
    <subfield code="y">SR</subfield>
  </datafield>
</record>
